Online
Catalog

Convención sobre los derechos del niño = Convención sobre todas las formas de discriminación contra la mujer. (Record no. 28486)

MARC details
000 -CABECERA
campo de control de longitud fija 01033nam a2200241 a 4500
001 - NÚMERO DE CONTROL
campo de control 000028994
005 - FECHA Y HORA DE LA ÚLTIMA TRANSACCIÓN
campo de control 20260224094453.0
008 - DATOS DE LONGITUD FIJA--INFORMACIÓN GENERAL
campo de control de longitud fija 110413s1999 dr 000 0 spa d
040 ## - FUENTE DE LA CATALOGACIÓN
Centro catalogador/agencia de origen DO-SdBNP
Lengua de catalogación spa
Centro/agencia transcriptor BNPHU
082 ## - NÚMERO DE LA CLASIFICACIÓN DECIMAL DEWEY
Número de clasificación 323.352
Número de documento/Ítem C766s
245 00 - MENCIÓN DE TÍTULO
Título Convención sobre los derechos del niño = Convención sobre todas las formas de discriminación contra la mujer.
246 11 - FORMA VARIANTE DE TÍTULO
Título propio/Titulo breve Convención sobre todas las formas de discriminación contra la mujer.
260 ## - PUBLICACIÓN, DISTRIBUCIÓN, ETC.
Lugar de publicación, distribución, etc. [s.l :
Nombre del editor, distribuidor, etc. s.n,
Fecha de publicación, distribución, etc. s.a.].
300 ## - DESCRIPCIÓN FÍSICA
Extensión 95 p. ;
Dimensiones 14 cm.
505 0# - NOTA DE CONTENIDO CON FORMATO
Información miscelánea Introducción --
Título Convención sobre los derechos del niño --
-- Convención sobre todas las formas de discriminación contra la mujer.
590 ## - NOTA LOCAL (RLIN)
Nota local Inventariado, 2018/BT
650 #0 - PUNTO DE ACCESO ADICIONAL DE MATERIA--TÉRMINO DE MATERIA
Término de materia o nombre geográfico como elemento de entrada Derechos del niño
9 (RLIN) 5135
650 #4 - PUNTO DE ACCESO ADICIONAL DE MATERIA--TÉRMINO DE MATERIA
Término de materia o nombre geográfico como elemento de entrada Niños
Subdivisión general Estado legal, legislación, etc.
9 (RLIN) 16467
650 #0 - PUNTO DE ACCESO ADICIONAL DE MATERIA--TÉRMINO DE MATERIA
Término de materia o nombre geográfico como elemento de entrada Derechos de la mujer
9 (RLIN) 2527
650 #0 - PUNTO DE ACCESO ADICIONAL DE MATERIA--TÉRMINO DE MATERIA
Término de materia o nombre geográfico como elemento de entrada Discriminación sexual contra las mujeres
9 (RLIN) 43900
710 ## - PUNTO DE ACCESO ADICIONAL--NOMBRE DE ENTIDAD CORPORATIVA
Nombre de entidad corporativa o nombre de jurisdicción como elemento de entrada Fondo de las Naciones Unidas para la Infancia
9 (RLIN) 9270
910 ## - DATOS DE OPCIÓN DEL USUARIO (OCLC)
Datos de opción del usuario Validado. Control de calidad. EMS
Holdings
Estado de retiro Estado de pérdida Fuente del sistema de clasificación o colocación Restricciones de uso No para préstamo Código de colección Localización permanente Ubicación/localización actual Ubicación en estantería Fecha de adquisición Total de préstamos Signatura topográfica completa Código de barras Fecha visto por última vez Precio válido a partir de Tipo de ítem Koha Número de copia
    Dewey Decimal Classification Préstamo restringido   Patrimonio Dominicano Biblioteca Nacional Pedro Henríquez Ureña Biblioteca Nacional Pedro Henríquez Ureña Depósito 13.04.2011   BNPHU PD 323.352 C743s 28994-10 25.06.2020 25.06.2020 Libro  
    Dewey Decimal Classification Préstamo restringido   Patrimonio Dominicano Biblioteca Nacional Pedro Henríquez Ureña Biblioteca Nacional Pedro Henríquez Ureña Depósito 13.04.2011   BNPHU PD 323.352 C743s 28994-20 25.06.2020 25.06.2020 Libro e.2

Powered by Koha